| 000 | 01144nam1a22002651 4500 | ||
|---|---|---|---|
| 001 | rc\4097972 | ||
| 005 | 20130415163246.8 | ||
| 035 | _a(NLR Aleph) 008137373 | ||
| 090 |
_a9462456 _c9462456 |
||
| 100 | _a20130415d1951 |||y0rusy50 ca | ||
| 101 | 0 | _arus | |
| 102 | _aRU | ||
| 105 | _ay e ||||| | ||
| 200 | 1 |
_aПрограмма собирания материалов для изучения словарного состава местных говоров _fМежобл. диалектол. кабинет при Яросл. гос. пед. ин-те им. К.Д. Ушинского |
|
| 210 |
_aЯрославль _cБ. и. _d1951 |
||
| 215 | _d14 | ||
| 300 | _aНа обороте тит. л. сост.: Г.Г. Мельниченко | ||
| 606 |
_aРусский язык _xДиалекты _xСобирание и запись _2psbo |
||
| 702 | 1 |
_aМельниченко _bГ. Г. _gГригорий Григорьевич _4220 |
|
| 712 | 0 | 2 | _aЯрославский межобл. диалектол. кабинет |
| 801 | 0 |
_aRU _bNLR _gpsbo |
|
| 801 | 1 |
_aRU _bELAR _2rusmarc |
|
| 852 |
_aNLR _jЯ50 Г-2/13 |
||
| 942 | _cBOOK | ||
| 980 | _aNB | ||